000 00889nam a22002897a 4500
001 BR7603061
003 BR-BrBNA
005 20240205113518.0
007 ta
008 230509b bl.||||| |||| 00| 0 por d
040 _aBR-BrBNA
_bpor
_cBiblioteca Nacional de Agricultura
041 _a(Por)
072 _aA50; A00
090 _aA50
_bBR7603061
110 1 _aCentro de Pesquisa Agropecuaria do Tropico Semi-Arido, Petrolina, PE (Brasil)
245 1 _aO centro e suas atividades [Instituicao de pesquisa; Programa de Pesquisa; Agricultura; Pecuaria; Petrolina; Pernambuco; Brasil]
260 3 _aPetrolina, PE (Brasil):
_c[nd].
300 _a34 p.
500 _aPublished after 1976
650 _aPROGRAMA DE PESQUISA
650 _aINSTITUICAO DE PESQUISA
650 _aAGRICULTURA
650 _aPECUARIA
650 _aPETROLINA
650 _aPERNAMBUCO
942 _cBK
_2AGRIS
999 _c22350
_d22350